书目信息 |
| 题名: |
机构设计与零部件应用
|
|
| 作者: | 王宏臣 , 刘永利 主编 | |
| 分册: | ||
| 出版信息: | 天津 天津大学出版社 2010.01 |
|
| 页数: | 155页 | |
| 开本: | 26cm | |
| 丛书名: | 卓越系列 | |
| 单 册: | ||
| 中图分类: | TH122 , TH13 | |
| 科图分类: | ||
| 主题词: | 机械设计--ji xie she ji--高等学校--技术学校--教学参考资料 , 机械元件--ji xie yuan jian--高等学校--技术学校--教学参考资料 | |
| 电子资源: | ||
| ISBN: | 978-7-5618-3398-8 | |
| 000 | 01244nam 2200313 450 | |
| 001 | 012010472156 | |
| 005 | 20100410134435.35 | |
| 010 | @a978-7-5618-3398-8@dCNY16.80 | |
| 100 | @a20100407d2010 em y0chiy0120 ea | |
| 101 | 0 | @achi |
| 102 | @aCN@b120000 | |
| 105 | @aa z 000yy | |
| 106 | @ar | |
| 200 | 1 | @a机构设计与零部件应用@Aji gou she ji yu ling bu jian ying yong@e情境教学设计与任务书@f王宏臣, 刘永利主编@Fwang hong chen,liu yong li zhu bian |
| 210 | @a天津@c天津大学出版社@d2010.01 | |
| 215 | @a155页@c图@d26cm | |
| 225 | 2 | @a卓越系列@Azhuo yue xi lie@i机构设计与零部件应用教材 |
| 300 | @a21世纪高等职业教育精品规划教材 | |
| 330 | @a本书主要内容:缝纫机的拆装与机构设计情境教学设计及任务书,内燃机的拆装与机构设计情境教学设计及任务书等。 | |
| 410 | 0 | @12001 @a卓越系列@i机构设计与零部件应用教材 |
| 517 | 1 | @a情境教学设计与任务书@Aqing jing jiao xue she ji yu ren wu shu |
| 606 | 0 | @a机械设计@Aji xie she ji@x高等学校@x技术学校@j教学参考资料 |
| 606 | 0 | @a机械元件@Aji xie yuan jian@x高等学校@x技术学校@j教学参考资料 |
| 690 | @aTH122@v4 | |
| 690 | @aTH13@v4 | |
| 701 | 0 | @a王宏臣@Awang hong chen@4主编 |
| 701 | 0 | @a刘永利@Aliu yong li@4主编 |
| 801 | 0 | @aCN@bQSSK@c20100410 |
| 905 | @b774756-58@dTH122@eW200@f3 | |
| 机构设计与零部件应用:情境教学设计与任务书/王宏臣, 刘永利主编.-天津:天津大学出版社,2010.01 |
| 155页:图;26cm.-(卓越系列.机构设计与零部件应用教材) |
| 21世纪高等职业教育精品规划教材 |
| ISBN 978-7-5618-3398-8:CNY16.80 |
| 本书主要内容:缝纫机的拆装与机构设计情境教学设计及任务书,内燃机的拆装与机构设计情境教学设计及任务书等。 |
| ● |
| 相关链接 |
|
|
|
正题名:机构设计与零部件应用
索取号:TH122/W200
 
预约/预借
| 序号 | 登录号 | 条形码 | 馆藏地/架位号 | 状态 | 备注 |
| 1 | 774756 | 207747562 | 自科二线504/504自科库 41排1列4层/ [索取号:TH122/W200] | 在馆 | |
| 2 | 774757 | 207747571 | 自科库501/501自科库 33排4列5层/ [索取号:TH122/W200] | 在馆 | |
| 3 | 774758 | 207747580 | 自科库501/501自科库 33排4列5层/ [索取号:TH122/W200] | 在馆 |